000 00672nam a2200229Ia 4500
005 20260320201831.0
008 008 262003s9999 xx 000 0 eng d
037 _aEBOOK
040 _aCRL
040 _beng
040 _cCRL
041 _2eng
041 _aeng
084 _qCRL
100 _aChatterjee
245 0 _aDesigning and Implementing Microsoft DevOps Solutions AZ-400 Exam Guide: Prepare for the certification exam and successfully apply Azure DevOps strategies with practical labs
260 _bIEEE
856 _uhttps://ieeexplore.ieee.org/servlet/opac?bknumber=10163385
942 _cEBOOK
999 _c1723800
_d1723800